Sleeping murder : Miss Marple's Last case

Bibliographic Details
Main Author: Christie, Agatha (Author)
Format: Book
Published: London : Collins , 1976

MARC

LEADER 00000cam a2200000 7i4500
001 0000008768
005 20030916093000.0
008 021119s1976
020 |a 0002317850 
090 0 0 |a PZ4   |b .H7 f 
100 0 |a Christie, Agatha ,   |e author 
245 1 0 |a Sleeping murder :   |b Miss Marple's Last case   |c Agatha Christie 
260 2 |a London :   |b Collins ,   |c 1976 
300 |a 224 p. ;   |c 21 cm. 
999 |a 1000048585   |b Book   |c OPEN SHELF (30 DAYS)   |e Gong Badak Campus 
999 |a 1000048586   |b Book   |c OPEN SHELF (30 DAYS)   |e Gong Badak Campus